000 00541nam a22001817a 4500
999 _c12798
_d12798
008 250609b 2024 ||||| |||| 00| 0 eng d
020 _a9789280117837
082 _a387.24
_bIMO
110 _aIMO - International Maritime Organization
245 _aProcedures for port state control,2023
250 _a7th
260 _aLondon
_bIMO - International Maritime Organization
_c2024
300 _av, 157p.
650 _aPort State inspections
650 _aContravention and detention
650 _aReporting requirements
942 _cBK